[Event "CRO-ch 2020"]
[Site "Vinkovci"]
[Date "2020.06.28"]
[Round "10.4"]
[White "Jovanic, Ognjen"]
[Black "Bosiocic, Marin"]
[Result "1/2-1/2"]
[WhiteElo "2524"]
[BlackElo "2625"]
[Annotator "TA"]
[PlyCount "69"]
[EventDate "2020.06.19"]
[EventType "tourn"]
[EventCountry "CRO"]
[SourceTitle "playchess.com"]
[Source "ChessBase"]
[SourceQuality "1"]

{[%evp 12,69,17,-5,10,0,0,0,0,0,0,0,-8,-2,18,0,0,0,28,22,31,31,32,35,33,0,7,14,0,0,52,0,1,0,7,-25,-11,-11,-10,-7,-14,-13,0,0,0,0,0,-8,0,0,0,0,0,0,0,0,0,0,0,0]} 1. d4 Nf6 2. Bf4 g6 3. Nf3 d6 4. h3 Bg7 5. e3 O-O 6. Be2 c5 7. Nbd2 Be6 {[#] A48: 1 d4 Nf6 2 Nf3 g6: Torre, London and Colle Systems.} 8. c4 $146 ({Predecessor:} 8. c3 Nc6 9. O-O {½-½ (9) Delchev,A (2601)-Nevednichy,V (2552) Zadar 2004}) 8... cxd4 9. exd4 d5 10. c5 Nc6 11. O-O Ne4 12. Nb3 h6 13. Re1 g5 14. Bh2 Rc8 {[%cal Ba8c8,Bc8c6,Bc6e6][%mdl 32]} 15. Rc1 f6 16. Bb5 Bf7 17. Nfd2 f5 18. Bxc6 Rxc6 19. Be5 Bxe5 20. dxe5 Qc8 ({Black should play} 20... Qc7 $11) 21. Nxe4 (21. Nf3 $14) 21... fxe4 22. Qd4 Qc7 23. Nd2 Re6 24. f3 {The position is equal.} ({Don't go for} 24. Qxd5 $2 Rd8 $19) 24... Qxe5 25. Qxe5 Rxe5 26. fxe4 dxe4 27. Nf3 Re6 28. Nd4 Ra6 29. Rxe4 Rxa2 30. Nf5 Rxb2 31. Rf1 e6 32. Nxh6+ Kg7 33. Nxf7 Rxf7 34. Rxe6 Rxf1+ 35. Kxf1 {Accuracy: White = 92%, Black = 90%.} 1/2-1/2

[Event "CRO-ch 2020"]
[Site "Vinkovci"]
[Date "2020.06.28"]
[Round "10.5"]
[White "Plenca, Jadranko"]
[Black "Kozul, Zdenko"]
[Result "1/2-1/2"]
[WhiteElo "2483"]
[BlackElo "2597"]
[Annotator "TA"]
[PlyCount "123"]
[EventDate "2020.06.19"]
[EventType "tourn"]
[EventCountry "CRO"]
[SourceTitle "playchess.com"]
[Source "ChessBase"]
[SourceQuality "1"]

{[%evp 10,123,-1,0,14,0,18,0,0,0,0,0,0,0,0,0,0,0,0,0,0,-10,0,0,0,-21,0,0,41,33,19,26,15,16,45,29,34,36,37,0,0,0,0,0,0,-10,27,29,29,22,26,31,25,25,46,53,44,-22,13,-41,-53,-43,-55,-14,22,63,154,0,0,0,126,0,0,-17,8,0,64,0,0,0,0,0,0,0,0,0,3,2,0,-8,0,0,0,0,0,0,0,0,0,0,0,0,32,39,26,13,14,37,41,0,0,0,41,0,0,0]} 1. e4 c5 2. Nf3 e6 3. c3 Nf6 4. e5 Nd5 5. g3 Nc6 6. Bg2 d6 {B22: Sicilian: 2 c3.} 7. exd6 Qxd6 8. d4 cxd4 9. Nxd4 Qe5+ {[#]} 10. Ne2 $146 ({Predecessor:} 10. Qe2 Qxe2+ 11. Nxe2 Bd7 12. Nf4 Nb6 13. Nd2 e5 14. Nd5 Nxd5 15. Bxd5 f6 16. Nb3 {0-1 (54) Krivolapov,K (2398)-Malakhatko,V (2496) Alushta 1999}) 10... Be7 11. O-O O-O 12. Re1 Rd8 13. Nd4 Qc7 14. Nxc6 bxc6 15. Nd2 a5 16. Qc2 a4 17. Nf3 h6 18. a3 Bf6 19. c4 Ne7 20. Bf4 Qa5 21. Ne5 Bd7 22. Bd2 Qc7 23. Bc3 Be8 24. Qe4 Rab8 25. c5 Rd5 26. f4 Qa7 27. Qe3 Rdd8 28. Qf2 Nd5 29. Bd4 Be7 30. Kh1 Rb5 {[%cal Re7c5]} 31. Rac1 f6 32. Nf3 $36 {[%mdl 2048] White is pushing.} Bf7 33. h4 (33. Bf1 $14) 33... Qd7 34. Qc2 (34. Rc4 $11) 34... Rb3 $15 35. Bf2 Rdb8 36. Rb1 e5 37. fxe5 Qg4 (37... Qb7 $14) 38. Nh2 Qc8 39. Nf3 Qg4 {[#]} 40. Nh2 (40. Nd4 $1 $16) 40... Qc8 $11 41. Kg1 fxe5 42. Nf3 Bf6 (42... e4 $11 43. Qxe4 Rxb2) 43. Nxe5 (43. Nd2 $1 $14) 43... Bxe5 44. Rxe5 Qg4 45. Qd1 Qxd1+ 46. Rxd1 Rxb2 47. Rd4 $1 Ra2 {White must now prevent ...Rbb2.} 48. Rxa4 Rbb2 49. Rf5 {Hoping for Ra8+.} Rb1+ (49... Ne3 $5 50. Ra8+ $8 Kh7 51. Rxf7 Ra1+ 52. Kh2 Rxf2 {[%mdl 64] Decoy} 53. Rxf2 Ng4+ {[%mdl 64] Double Attack} 54. Kh3 Nxf2+ 55. Kh2 Ng4+ 56. Kh3 Nf2+ 57. Kh2 Ng4+ 58. Kh3 Nf2+ $11) 50. Kh2 {Threatens to win with Ra8+.} Nf6 51. Ra8+ Kh7 {And now ...Ng4+ would win.} 52. Rxf6 $1 {[%mdl 64] [#] Remove Defender} gxf6 53. Be4+ {[%mdl 64] Double Attack} Kg7 54. Bxb1 Rxf2+ {[%mdl 4096] Endgame KRB-KRB} 55. Kg1 Re2 {Strongly threatening ...Re1+.} (55... Rf3 {with more complications.} 56. Be4 Rxg3+ 57. Kf2 Rc3 58. Ra5 Bd5) 56. Bf5 Re5 57. g4 Rxc5 58. Ra7 {Be6 is the strong threat.} Kf8 59. Ra8+ Ke7 60. Ra7+ Kf8 61. Ra8+ Ke7 62. Ra7+ {Accuracy: White = 82%, Black = 81%.} 1/2-1/2

[Event "CRO-ch 2020"]
[Site "Vinkovci"]
[Date "2020.06.28"]
[Round "10.6"]
[White "Brkic, Ante"]
[Black "Saric, Ante"]
[Result "1/2-1/2"]
[WhiteElo "2593"]
[BlackElo "2541"]
[Annotator "TA"]
[PlyCount "43"]
[EventDate "2020.06.19"]
[EventType "tourn"]
[EventCountry "CRO"]
[SourceTitle "playchess.com"]
[Source "ChessBase"]
[SourceQuality "1"]

{[%evp 20,29,0,-4,-7,-5,0,0,0,0,0,0]} 1. e4 c5 2. Nf3 d6 3. Bb5+ Bd7 4. Bxd7+ Qxd7 5. O-O Nf6 6. Re1 Nc6 7. c3 e6 8. d4 cxd4 9. cxd4 d5 10. e5 Ne4 11. Nbd2 {The position is equal.} Nxd2 $1 {B52: Sicilian: Moscow Variation with 3...Bd7.} 12. Bxd2 Bb4 13. Rc1 {[#] Threatens to win with Rxc6!} Bxd2 14. Qxd2 O-O 15. Rc3 {[#] An uneventful encounter.} {Predecessor:} Rfc8 $146 16. Rec1 Ne7 17. b3 h6 18. Ne1 Rxc3 19. Rxc3 Rc8 20. Nc2 Rc7 21. g3 Rxc3 22. Qxc3 {½-½ (32) Wang,C (2505)-Xu,Y (2557) Xinghua 2017} 1/2-1/2

[Event "CRO-ch 2020"]
[Site "Vinkovci"]
[Date "2020.07.01"]
[Round "11.1"]
[White "Saric, Ante"]
[Black "Rogic, Davor"]
[Result "1-0"]
[WhiteElo "2541"]
[BlackElo "2492"]
[Annotator "TA"]
[PlyCount "101"]
[EventDate "2020.06.19"]
[EventType "tourn"]
[EventCountry "CRO"]
[SourceTitle "playchess.com"]
[Source "ChessBase"]
[SourceQuality "1"]

{[%evp 11,101,15,12,0,14,8,16,14,19,8,11,2,24,25,21,18,22,12,16,10,28,30,32,29,41,15,21,19,26,0,0,0,0,0,0,0,0,-7,-8,-10,0,-8,-6,-4,8,0,43,54,48,56,50,12,89,46,47,61,54,52,127,0,0,0,0,0,0,0,0,-4,0,-3,0,0,0,0,328,367,362,351,348,351,318,335,322,325,334,306,318,316,629,614,941,905]} 1. d4 d5 2. c4 c6 3. Nf3 Nf6 4. Qb3 e6 5. Bg5 Nbd7 6. Nc3 Qa5 7. Bd2 {D43: Semi-Slav: 5 Bg5 h6.} Qb6 8. Qc2 Be7 9. e3 {The position is equal.} O-O 10. Bd3 Qc7 11. O-O b6 12. cxd5 cxd5 {[#]} 13. Rac1 $146 ({Predecessor:} 13. Rfc1 Kh8 14. Nb5 Qxc2 15. Rxc2 a6 16. Nc7 Ra7 17. Rac1 Bb7 18. a3 g6 19. Bb4 Ng8 20. Bxe7 Nxe7 21. Nxe6 fxe6 {1-0 (43) Glek,I (2505)-Baklan,V (2570) Berlin 1997}) 13... Qb8 14. Ne2 Bb7 15. Qa4 a6 16. Bb4 Bxb4 17. Qxb4 Rc8 18. Ne5 Nxe5 19. dxe5 Nd7 20. Qh4 Qxe5 21. Bxh7+ Kf8 22. Qb4+ Ke8 23. Bd3 a5 24. Qa3 Nc5 25. Bb5+ Ke7 26. Nd4 Qd6 27. b3 g6 28. Qb2 Rh8 {[%csl Gh8][%cal Rd6h2]} 29. f4 Rac8 30. a3 Ne4 31. Bd3 Nf6 (31... Rxc1 $11 32. Rxc1 Rc8) 32. Nb5 Qb8 33. a4 Ng4 34. Qa3+ Kd7 (34... Kf6 $14) 35. Qb2 ({White should try} 35. Rfe1 $16) 35... Rxh2 $11 36. Rxc8 $1 Qxc8 {[#]} (36... Bxc8 $2 {[#] loses.} 37. Qg7 $1 $18 {[%mdl 512]}) (36... Kxc8 $2 {is the wrong capture.} 37. Rc1+ Bc6 38. Qg7 $18) 37. Qg7 $1 $40 {[%mdl 640] White attacks.} Ke7 {Hoping for ...d4.} 38. Bxg6 $1 Qf8 39. Qxf8+ Kxf8 40. Bd3 Rh8 41. Nd6 {Threatens to win with Rc1.} Ba8 42. Rc1 {Rc8+ is the strong threat.} Nxe3 $2 {[%mdl 8192]} (42... Ke7 $11 {and Black stays safe.} 43. Nc8+ Kf6) 43. Rc8+ $18 {[%mdl 64] Double Attack} Kg7 {Black wants to play ...Rxc8.} 44. Ne8+ Kh6 45. Rxa8 Rg8 46. g3 Rxg3+ 47. Kf2 Rh3 48. Nd6 {And now Rh8+ would win.} Ng4+ 49. Ke2 {aiming for Rh8+.} Re3+ $2 (49... Kg7 50. Ra7 Nh6) 50. Kd2 f5 {[#]} 51. Bxf5 $1 {[%mdl 512] Accuracy: White = 86%, Black = 75%.} 1-0

[Event "CRO-ch 2020"]
[Site "Vinkovci"]
[Date "2020.07.01"]
[Round "11.2"]
[White "Kozul, Zdenko"]
[Black "Brkic, Ante"]
[Result "1-0"]
[WhiteElo "2597"]
[BlackElo "2593"]
[Annotator "ChessBase"]
[PlyCount "49"]
[EventDate "2020.06.19"]
[EventType "tourn"]
[EventCountry "CRO"]
[SourceTitle "playchess.com"]
[Source "ChessBase"]
[SourceQuality "1"]
[TimeControl "40/5400+30:1800+30"]

1. d4 {[%emt 0:02:01]} Nf6 {[%emt 0:00:00]} 2. c4 {[%emt 0:00:08]} e6 {[%emt 0:00:00]} 3. Nf3 {[%emt 0:00:57]} d5 {[%emt 0:00:00]} 4. Nc3 {[%emt 0:00:31]} Bb4 {[%emt 0:00:06]} 5. Bg5 {[%emt 0:00:22]} h6 {[%emt 0:00:07]} 6. Bxf6 {[%emt 0:00:11]} Qxf6 {[%emt 0:00:05]} 7. e3 {[%emt 0:03:23]} O-O {[%emt 0:00:10]} 8. Rc1 {[%emt 0:00:06]} dxc4 {[%emt 0:00:44]} 9. Bxc4 {[%emt 0:00:09]} c5 {[%emt 0:00:03]} 10. dxc5 {[%emt 0:01:49]} Bxc5 {[%emt 0:00:43]} 11. Qc2 {[%emt 0:00:49]} Qe7 {[%emt 0:03:10]} 12. Ne4 {[%emt 0:14:10]} Bb4+ {[%emt 0:26:23]} 13. Ke2 {[%emt 0:00:34]} Bd7 {[%emt 0:00:04]} 14. a3 {[%emt 0:01:57]} Ba5 {[%emt 0:01:53]} 15. b4 {[%emt 0:00:12]} Bb6 {[%emt 0:00:41]} 16. g4 {[%emt 0:00:17]} Bc6 {[%emt 0:34:30]} 17. Rhg1 {[%emt 0:20:49]} Nd7 {[%emt 0:06:24]} 18. g5 {[%emt 0:00:21]} h5 {[%emt 0:03:49]} 19. g6 {[%emt 0:14:56]} Rac8 {[%emt 0:05:00]} 20. Neg5 {[%emt 0:03:49]} f6 {[%emt 0:04:07]} 21. Bxe6+ {[%emt 0:03:10]} Kh8 {[%emt 0:00:04]} 22. Nf7+ {[%emt 0:01:35]} Rxf7 {[%emt 0:00:19]} 23. Qf5 {[%emt 0:00:18]} Kg8 {[%emt 0:07:38]} 24. gxf7+ {[%emt 0:02:05]} Kf8 {[%emt 0:00:03]} 25. Nh4 {[%emt 0:00:48]} 1-0

[Event "CRO-ch 2020"]
[Site "Vinkovci"]
[Date "2020.07.01"]
[Round "11.3"]
[White "Bosiocic, Marin"]
[Black "Plenca, Jadranko"]
[Result "1-0"]
[WhiteElo "2625"]
[BlackElo "2483"]
[Annotator "ChessBase"]
[PlyCount "73"]
[EventDate "2020.06.19"]
[EventType "tourn"]
[EventCountry "CRO"]
[SourceTitle "playchess.com"]
[Source "ChessBase"]
[SourceQuality "1"]
[TimeControl "40/5400+30:1800+30"]

1. e4 {[%emt 0:00:00]} e5 {[%emt 0:02:06]} 2. Nf3 {[%emt 0:00:00]} Nc6 {[%emt 0:00:06]} 3. Bb5 {[%emt 0:00:00]} Bc5 {[%emt 0:01:03]} 4. c3 {[%emt 0:00:35]} Nf6 {[%emt 0:00:09]} 5. d3 {[%emt 0:00:06]} O-O {[%emt 0:00:26]} 6. O-O {[%emt 0:00:11]} Re8 {[%emt 0:01:12]} 7. Bg5 {[%emt 0:00:41]} h6 {[%emt 0:01:13]} 8. Bh4 {[%emt 0:00:10]} Bf8 {[%emt 0:01:34]} 9. Nbd2 {[%emt 0:03:32]} d6 {[%emt 0:01:16]} 10. Re1 {[%emt 0:02:00]} Bd7 {[%emt 0:01:18]} 11. a4 {[%emt 0:00:26]} g5 {[%emt 0:01:04]} 12. Bg3 {[%emt 0:00:37]} Bg7 {[%emt 0:00:34]} 13. Bc4 {[%emt 0:04:12]} Be6 {[%emt 0:09:49]} 14. h4 {[%emt 0:06:44]} g4 {[%emt 0:05:49]} 15. Nh2 {[%emt 0:00:06]} Qd7 {[%emt 0:02:57]} 16. Bxe6 {[%emt 0:00:38]} Qxe6 {[%emt 0:00:12]} 17. Nc4 {[%emt 0:01:34]} d5 {[%emt 0:04:32]} 18. exd5 {[%emt 0:00:32]} Qxd5 {[%emt 0:04:08]} 19. Nxg4 {[%emt 0:02:08]} Nh7 {[%emt 0:08:34]} 20. Nge3 {[%emt 0:04:41]} Qd7 {[%emt 0:01:37]} 21. Qf3 {[%emt 0:07:22]} Qxd3 {[%emt 0:01:07]} 22. Rad1 {[%emt 0:00:06]} Qg6 {[%emt 0:00:28]} 23. Nf5 {[%emt 0:00:48]} Re6 {[%emt 0:07:00]} 24. Rd7 {[%emt 0:06:16]} Nf6 {[%emt 0:06:40]} 25. h5 {[%emt 0:05:54]} Qg5 {[%emt 0:06:41]} 26. Bh4 {[%emt 0:05:19]} Qxh5 {[%emt 0:00:42]} 27. Qxh5 {[%emt 0:00:07]} Nxh5 {[%emt 0:00:05]} 28. Rxc7 {[%emt 0:00:32]} Rb8 {[%emt 0:01:17]} 29. b4 {[%emt 0:03:43]} e4 {[%emt 0:05:18]} 30. Nxg7 {[%emt 0:00:20]} Nxg7 {[%emt 0:00:06]} 31. b5 {[%emt 0:01:26]} Ne5 {[%emt 0:02:09]} 32. Nxe5 {[%emt 0:00:07]} Rxe5 {[%emt 0:00:05]} 33. Bg3 {[%emt 0:00:07]} Ree8 {[%emt 0:00:43]} 34. Rd7 {[%emt 0:00:38]} Rbc8 {[%emt 0:00:14]} 35. Rxb7 {[%emt 0:00:05]} Rxc3 {[%emt 0:00:04]} 36. Rxa7 {[%emt 0:00:44]} Rb3 {[%emt 0:01:10]} 37. Bf4 {[%emt 0:02:57]} 1-0

[Event "CRO-ch 2020"]
[Site "Vinkovci"]
[Date "2020.07.01"]
[Round "11.4"]
[White "Martinovic, Sasa"]
[Black "Jovanic, Ognjen"]
[Result "1-0"]
[WhiteElo "2532"]
[BlackElo "2524"]
[Annotator "ChessBase"]
[PlyCount "93"]
[EventDate "2020.06.19"]
[EventType "tourn"]
[EventCountry "CRO"]
[SourceTitle "playchess.com"]
[Source "ChessBase"]
[SourceQuality "1"]
[TimeControl "40/5400+30:1800+30"]

1. d4 {[%emt 0:00:00]} d5 {[%emt 0:00:00]} 2. c4 {[%emt 0:00:00]} c6 {[%emt 0:00:17]} 3. Nc3 {[%emt 0:00:00]} Nf6 {[%emt 0:00:19]} 4. e3 {[%emt 0:00:00]} a6 {[%emt 0:00:53]} 5. Nf3 {[%emt 0:00:06]} b5 {[%emt 0:00:42]} 6. b3 {[%emt 0:00:14]} Bg4 {[%emt 0:00:21]} 7. a4 {[%emt 0:00:39]} b4 {[%emt 0:05:50]} 8. Ne2 {[%emt 0:00:11]} Bxf3 {[%emt 0:01:29]} 9. gxf3 {[%emt 0:00:05]} Nbd7 {[%emt 0:01:53]} 10. Bg2 {[%emt 0:02:39]} a5 {[%emt 0:04:13]} 11. e4 {[%emt 0:04:16]} e6 {[%emt 0:00:57]} 12. Be3 {[%emt 0:05:12]} g6 {[%emt 0:04:00]} 13. Rc1 {[%emt 0:08:45]} Bg7 {[%emt 0:04:16]} 14. h4 {[%emt 0:01:24]} h5 {[%emt 0:11:51]} 15. Qd2 {[%emt 0:15:19]} Qb8 {[%emt 0:15:52]} 16. O-O {[%emt 0:11:41]} O-O {[%emt 0:03:24]} 17. Bf4 {[%emt 0:05:58]} Qd8 {[%emt 0:04:02]} 18. Bg5 {[%emt 0:10:23]} Qb8 {[%emt 0:00:56]} 19. Bf4 {[%emt 0:01:44]} Qd8 {[%emt 0:00:08]} 20. Bg5 {[%emt 0:01:16]} Qb8 {[%emt 0:02:18]} 21. cxd5 {[%emt 0:00:27]} cxd5 {[%emt 0:00:20]} 22. Rc6 {[%emt 0:00:37]} Rc8 {[%emt 0:04:05]} 23. Qc2 {[%emt 0:03:31]} Nb6 {[%emt 0:12:14]} 24. Rc1 {[%emt 0:02:00]} Qa7 {[%emt 0:01:17]} 25. Qd3 {[%emt 0:04:10]} Rxc6 {[%emt 0:00:09]} 26. Rxc6 {[%emt 0:00:01]} Rc8 {[%emt 0:01:07]} 27. Qb5 {[%emt 0:01:05]} Rxc6 {[%emt 0:00:27]} 28. Qxc6 {[%emt 0:00:01]} Nbd7 {[%emt 0:02:16]} 29. e5 {[%emt 0:05:52]} Nh7 {[%emt 0:05:55]} 30. Bd8 {[%emt 0:00:03]} Nb8 {[%emt 0:02:45]} 31. Qb5 {[%emt 0:02:16]} Bf8 {[%emt 0:00:06]} 32. Bxa5 {[%emt 0:01:29]} Na6 {[%emt 0:02:50]} 33. f4 {[%emt 0:05:27]} Be7 {[%emt 0:00:23]} 34. Bf1 {[%emt 0:01:26]} Nf8 {[%emt 0:01:04]} 35. Qb6 {[%emt 0:07:26]} Qxb6 {[%emt 0:00:22]} 36. Bxb6 {[%emt 0:00:01]} Nd7 {[%emt 0:00:09]} 37. Ba5 {[%emt 0:02:04]} Nab8 {[%emt 0:01:54]} 38. Bc7 {[%emt 0:00:33]} Na6 {[%emt 0:00:23]} 39. Bd6 {[%emt 0:00:34]} Bd8 {[%emt 0:05:18]} 40. Nc1 {[%emt 0:00:00]} Ndb8 {[%emt 0:00:00]} 41. Bb5 {[%emt 0:09:53]} Bb6 {[%emt 0:00:34]} 42. Nd3 {[%emt 0:01:50]} Ba5 {[%emt 0:00:11]} 43. Kf1 {[%emt 0:04:43]} Kg7 {[%emt 0:00:45]} 44. Ke2 {[%emt 0:00:49]} Kg8 {[%emt 0:00:40]} 45. Ke3 {[%emt 0:01:47]} Kg7 {[%emt 0:00:02]} 46. Bxa6 {[%emt 0:03:22]} Nxa6 {[%emt 0:00:07]} 47. Nc5 {[%emt 0:00:03]} 1-0

[Event "CRO-ch 2020"]
[Site "Vinkovci"]
[Date "2020.07.01"]
[Round "11.5"]
[White "Stevic, Hrvoje"]
[Black "Kovacevic, Blazimir"]
[Result "1-0"]
[WhiteElo "2575"]
[BlackElo "2410"]
[Annotator "ChessBase"]
[PlyCount "53"]
[EventDate "2020.06.19"]
[EventType "tourn"]
[EventCountry "CRO"]
[SourceTitle "playchess.com"]
[Source "ChessBase"]
[SourceQuality "1"]
[TimeControl "40/5400+30:1800+30"]

1. e4 {[%emt 0:00:00]} Nf6 {[%emt 0:00:00]} 2. e5 {[%emt 0:00:00]} Nd5 {[%emt 0:00:00]} 3. d4 {[%emt 0:00:00]} d6 {[%emt 0:00:00]} 4. Nf3 {[%emt 0:00:20]} g6 {[%emt 0:00:00]} 5. Bc4 {[%emt 0:01:10]} Nb6 {[%emt 0:00:01]} 6. Bb3 {[%emt 0:00:28]} Bg7 {[%emt 0:00:07]} 7. Qe2 {[%emt 0:02:39]} O-O {[%emt 0:00:50]} 8. h3 {[%emt 0:00:07]} c5 {[%emt 0:05:22]} 9. dxc5 {[%emt 0:13:30]} dxc5 {[%emt 0:00:06]} 10. Be3 {[%emt 0:00:06]} c4 {[%emt 0:05:21]} 11. Bxc4 {[%emt 0:08:08]} Nxc4 {[%emt 0:00:11]} 12. Qxc4 {[%emt 0:00:05]} Nc6 {[%emt 0:00:24]} 13. Nc3 {[%emt 0:10:45]} Qa5 {[%emt 0:07:14]} 14. O-O {[%emt 0:02:55]} Bf5 {[%emt 0:05:03]} 15. Qh4 {[%emt 0:05:29]} Bxc2 {[%emt 0:21:03]} 16. Bh6 {[%emt 0:11:58]} Rfd8 {[%emt 0:07:25]} 17. Bxg7 {[%emt 0:16:29]} Kxg7 {[%emt 0:00:08]} 18. a3 {[%emt 0:00:22]} Nxe5 {[%emt 0:05:44]} 19. Nd4 {[%emt 0:00:37]} Bd3 {[%emt 0:06:00]} 20. Rfe1 {[%emt 0:00:04]} e6 {[%emt 0:17:28]} 21. Rad1 {[%emt 0:04:29]} Qb6 {[%emt 0:05:38]} 22. Qg3 {[%emt 0:09:00]} Rxd4 {[%emt 0:03:19]} 23. Qxe5+ {[%emt 0:00:07]} Kg8 {[%emt 0:00:26]} 24. Rd2 {[%emt 0:00:36]} Rad8 {[%emt 0:05:09]} 25. Red1 {[%emt 0:00:09]} R8d6 {[%emt 0:01:43]} 26. Qe3 {[%emt 0:04:46]} f6 {[%emt 0:01:58]} 27. Rxd3 {[%emt 0:00:58]} 1-0

[Event "CRO-ch 2020"]
[Site "Vinkovci"]
[Date "2020.06.29"]
[Round "11.6"]
[White "Palac, Mladen"]
[Black "Zelcic, Robert"]
[Result "1/2-1/2"]
[WhiteElo "2529"]
[BlackElo "2527"]
[Annotator "TA"]
[PlyCount "17"]
[EventDate "2020.06.19"]
[EventType "tourn"]
[EventCountry "CRO"]
[SourceTitle "playchess.com"]
[Source "ChessBase"]
[SourceQuality "1"]

{[%evp 9,17,27,16,0,33,10,20,6,42,36]} 1. d4 d5 2. Nf3 g6 3. g3 Bg7 4. Bg2 Nf6 5. O-O O-O 6. a4 {D02: 1 d4 d5 2 Nf3 sidelines, including 2...Nf6 3 g3 and 2...Nf6 3 Bf4.} a6 {[#]} 7. c3 $146 (7. c4 $5) ({Predecessor:} 7. c4 c6 8. Nbd2 h6 9. b3 Be6 10. Ba3 Ne4 11. Nxe4 dxe4 12. Ne5 Nd7 13. Bxe4 Nxe5 14. dxe5 Bxe5 15. Qxd8 Rfxd8 {½-½ (41) Lange,K (2164)-Schaack,H (2282) Germany 1999}) 7... Nc6 8. Nbd2 Bg4 9. h3 {Black did not feel at home in the position after the opening.} 1/2-1/2